Effect of Surface Roughness on Reflectivity
La distribucin̤ espacial de la luz reflejada es lo que causa que la superficie de aluminio se vea brillante u opaca, lo cual se asocia directamente con la rugosidad de superficie. En esta animacin̤ se muestra cm̤o esta l͠tima (Ra) afecta la dispersin̤ de luz. Para ello, seleccione distintos valores...
Сохранить в:
| Другие авторы: | , , |
|---|---|
| Формат: | |
| Язык: | английский |
| Предметы: | |
| Online-ссылка: | Effect of Surface Roughness on Reflectivity |
| Метки: |
Добавить метку
Нет меток, Требуется 1-ая метка записи!
|
MARC
| LEADER | 00000nam a22000004a 4500 | ||
|---|---|---|---|
| 001 | vpro10319 | ||
| 005 | 20201223000000.0 | ||
| 008 | 160722s2016 ck # g## #001 0#eng#d | ||
| 020 | |||
| 022 | |||
| 040 | |a CO-BoINGC | ||
| 041 | 0 | |a eng | |
| 245 | 1 | 0 | |a Effect of Surface Roughness on Reflectivity |
| 246 | |a Efecto de la rugosidad de superficie sobre la reflectancia | ||
| 264 | |a Bogot ̀(Colombia) : |b Revista VirtualPRO, |c 2016 | ||
| 520 | 3 | |a La distribucin̤ espacial de la luz reflejada es lo que causa que la superficie de aluminio se vea brillante u opaca, lo cual se asocia directamente con la rugosidad de superficie. En esta animacin̤ se muestra cm̤o esta l͠tima (Ra) afecta la dispersin̤ de luz. Para ello, seleccione distintos valores de Ra haciendo clic sobre los botones y use el men ͠para cambiar la escala del eje Y. | |
| 650 | \ | \ | |a TecnologƯ̕a de los materiales |
| 650 | \ | \ | |a Materiales |
| 650 | \ | \ | |a Materials engineering |
| 650 | \ | \ | |a Materials |
| 650 | \ | \ | |a ciencia de materiales |
| 650 | \ | \ | |a metales |
| 650 | \ | \ | |a aluminio |
| 650 | \ | \ | |a reflectancia |
| 650 | \ | \ | |a rugosidad de superficie |
| 650 | \ | \ | |a dispersin̤ de la luz |
| 650 | \ | \ | |a materials science |
| 650 | \ | \ | |a metals |
| 650 | \ | \ | |a aluminium |
| 650 | \ | \ | |a reflectivity |
| 650 | \ | \ | |a surface roughness |
| 650 | \ | \ | |a light scattering |
| 700 | \ | \ | |a De Graeve Iris |
| 700 | \ | \ | |a Terryn Herman |
| 700 | \ | \ | |a CORE-Materials |
| 856 | |z Effect of Surface Roughness on Reflectivity |u https://virtualpro.unach.elogim.com/biblioteca/efecto-de-la-rugosidad-de-superficie-sobre-la-reflectancia | ||